ARRUPE JESUIT UNIVERSITY

CORONAVIRUS -STOP THE SPREAD - CLEAN,DISINFECT,COVER

Contemporary research in the foundations and philosophy of quantum theory; (Record no. 123276)

MARC details
000 -LEADER
fixed length control field 00988cam a2200265 4500
001 - CONTROL NUMBER
control field 1257112
003 - CONTROL NUMBER IDENTIFIER
control field ARRUPE
005 - DATE AND TIME OF LATEST TRANSACTION
control field 20150908115214.0
008 - FIXED-LENGTH DATA ELEMENTS--GENERAL INFORMATION
fixed length control field 731221s1973 ne b 100 0 eng
010 ## - LIBRARY OF CONGRESS CONTROL NUMBER
LC control number 73178864
015 ## - NATIONAL BIBLIOGRAPHY NUMBER
National bibliography number Ne***
020 ## - INTERNATIONAL STANDARD BOOK NUMBER
International Standard Book Number 9027702713
040 ## - CATALOGING SOURCE
Original cataloging agency DLC
Transcribing agency DLC
Modifying agency DLC
050 00 - LIBRARY OF CONGRESS CALL NUMBER
Classification number QC174.12
Item number .C66
082 00 - DEWEY DECIMAL CLASSIFICATION NUMBER
Classification number 530.1/2
300 ## - PHYSICAL DESCRIPTION
Dimensions 23 cm.
245 00 - TITLE STATEMENT
Title Contemporary research in the foundations and philosophy of quantum theory;
Remainder of title proceedings of a conference held at the University of Western Ontario, London, Canada.
Statement of responsibility, etc Edited by C. A. Hooker.
260 ## - PUBLICATION, DISTRIBUTION, ETC. (IMPRINT)
Place of publication, distribution, etc Dordrecht, Holland,
-- Boston,
Name of publisher, distributor, etc D. Reidel
Date of publication, distribution, etc [1973]
300 ## - PHYSICAL DESCRIPTION
Extent xx, 385 p.
440 #4 - SERIES STATEMENT/ADDED ENTRY--TITLE
Title The University of Western Ontario series in philosophy of science ;
Volume number/sequential designation v. 2
9 (RLIN) 19443
504 ## - BIBLIOGRAPHY, ETC. NOTE
Bibliography, etc Includes bibliographical references.
650 #0 - SUBJECT ADDED ENTRY--TOPICAL TERM
Topical term or geographic name as entry element Quantum theory.
9 (RLIN) 19444
700 1# - ADDED ENTRY--PERSONAL NAME
Personal name Hooker, C. A.
Fuller form of name (Clifford Alan),
Dates associated with a name 1942-
Relator term ed.
9 (RLIN) 17555
906 ## - LOCAL DATA ELEMENT F, LDF (RLIN)
a 7
b cbc
c orignew
d 4
e ncip
f 19
g y-gencatlg
942 ## - ADDED ENTRY ELEMENTS (KOHA)
Source of classification or shelving scheme Library of Congress Classification
Koha item type Monograph ( Printed materials)
Holdings
Withdrawn status Lost status Source of classification or shelving scheme Damaged status Not for loan Collection code Home library Current library Shelving location Date acquired Total Checkouts Full call number Barcode Date last seen Date checked out Price effective from Koha item type
    Library of Congress Classification     Main Collection ARRUPE LIBRARY ARRUPE LIBRARY Main Collection 08/09/2015 1 QC174.12 .C66 46500003940 10/03/2026 18/12/2025 08/09/2015 Monograph ( Printed materials)

 

Arrupe Library. PO Box MP320 Mt Pleasant, Harare, Zimbabwe
263 242 745411|librarian@aju.ac.zw